00727nam a22001937a 4500020002400000082002100024245009300045260003900138300003600177490003400213650003600247650002500283650004100308700002100349700001800370942000700388999001900395952011900414 a9781627032568 (hbk) a616.9015 OCO/FU aFungal diagnostics :bmethods and protocols /cedited by Louise O'Connor and Barry Glynn aNew York : bHumana Press, c2013. axi, 215 p. : bill. (some col.) aMethods in molecular biology  aMycology -- Laboratory Manuals. aDiagnostic mycology  aDiagnostic Techniques and Procedures aO'Connor, Louise aGlynn, Barry  cBK c297845d297845 00104070aKAUCOAPbKAUCOAPd2014-03-04l0o616.9015 OCO/FUpKAU_COAP-09214r2014-03-04 00:00:00w2014-03-04yBK